Democracy and the rule of law
This book addresses the question of why governments sometimes follow the law and other times choose to evade the law, this work defends a positive interpretation where the rule of law results from the strategic choices of relevant actors.
Bewaard in:
| Formaat: | Boek |
|---|---|
| Taal: | Undetermined |
| Gepubliceerd in: |
Cambridge, UK
Cambridge University Press
2003
|
| Onderwerpen: | |
| Tags: |
Voeg label toe
Geen labels, Wees de eerste die dit record labelt!
|
| Thư viện lưu trữ: | Trung tâm Học liệu Trường Đại học Cần Thơ |
|---|
| LEADER | 00840nam a2200193Ia 4500 | ||
|---|---|---|---|
| 001 | CTU_167056 | ||
| 008 | 210402s9999 xx 000 0 und d | ||
| 020 | |c 83 | ||
| 082 | |a 340.11 | ||
| 082 | |b D383 | ||
| 245 | 0 | |a Democracy and the rule of law | |
| 245 | 0 | |c Edited by José María Maravall, Adam Przeworski | |
| 260 | |a Cambridge, UK | ||
| 260 | |b Cambridge University Press | ||
| 260 | |c 2003 | ||
| 520 | |a This book addresses the question of why governments sometimes follow the law and other times choose to evade the law, this work defends a positive interpretation where the rule of law results from the strategic choices of relevant actors. | ||
| 650 | |a Rule of law,Democracy,Quy tắc của Pháp luật,Nền dân chủ | ||
| 904 | |i Đình Thư, Trúc | ||
| 980 | |a Trung tâm Học liệu Trường Đại học Cần Thơ | ||